000 01117cam a22003011i 4500
003 SA-RiAUC
005 20240920161744.0
008 240919s2002 ua a g b f00000 ara c
020 _a9770152110
040 _aEG-CaBUE
_bara
_cSA-RiAUC
_dSA-RiKAPL
_erda
043 _aa-ye---
082 0 4 _a915.3
_qSA-RiAUC
090 _a915.3
_bس ل ي
100 1 _aسليمان، مصطفى محمود
_eمؤلف.
245 1 0 _aرحلة في أرض سبأ /
_cمصطفى محمود سليمان.
264 1 _aالقاهرة :
_bالهيئة المصرية العامة للكتاب،
_c2002
300 _a292 صفحة :
_bإيضاحيات ؛
_c20 سم.
336 _aنص
_btxt
_2rdacontent
_3كتاب
337 _aبدون وسيط
_bn
_2rdamedia
338 _aمجلد
_bnc
_2rdacarrier
490 1 _aالألف كتاب الثاني
490 1 _aالألف كتاب الثاني
504 _aببليوجرافية : صفحة 287-291.
651 7 _aسبأ (مملكة)
_xوصف ورحلات
_2aucsh
830 2 _aالألف كتاب الثاني
942 _2ddc
_cBOOK
949 _aSA-JeALM
_d240919
_umohamedma123
_n1
999 _c443
_d443